000 01182pam a2200313 a 4500
999 _c118744
_d118744
001 427086
003 ARRUPE
005 20170301083746.0
008 810428s1981 nyu b 001 0deng
010 _a 81038378
020 _a0883447592 (pbk.)
040 _aDLC
_cDLC
_dDLC
041 1 _aengger
043 _acl-----
050 0 0 _aBR1608.L37
_bC4713 1980
130 0 _aChristenverfolgung in Südamerika.
_lEnglish
_94077
245 0 0 _aWitnesses of hope :
_bthe persecution of Christians in Latin America /
_cedited by Martin Lange and Reinhold Iblacker ; foreword by Karl Rahner ; translated from the German by William E. Jerman.
260 _aMaryknoll, N.Y. :
_bOrbis Books,
_cc1981.
300 _axx, 156 p. ;
_c21 cm.
500 _aTranslation of: Christenverfolgung in Südamerika.
504 _aIncludes bibliographical references and index.
650 0 _aPersecution
_zLatin America.
_94078
_xAddresses, essays
650 0 _aChristian martyrs
_zLatin America.
_94079
_xAddresses, essays
650 0 _aChurch and state
_zLatin America.
_94080
_xAddresses, essays
700 1 _aLange, Martin.
_94081
700 1 _aIblacker, Reinhold.
_94082
906 _a7
_bcbc
_corignew
_d1
_eocip
_f19
_gy-gencatlg
942 _2lcc
_cMONOGRAPH